|
|
|
|
| LEADER |
01461nam a2200313 i 4500 |
| 001 |
28225 |
| 003 |
BD-DhAAL |
| 005 |
20200601192733.0 |
| 008 |
140811s2012 enk b 001 0 eng |
| 999 |
|
|
|c 32874
|d 32874
|
| 010 |
|
|
|a 2012518461
|
| 020 |
|
|
|a 9789381506233
|
| 020 |
|
|
|a 9781849042031
|
| 040 |
|
|
|a DLC
|b eng
|c DLC
|e rda
|d DLC
|d BD-DhAAL
|
| 041 |
|
|
|a eng
|
| 043 |
|
|
|a a-pk---
|
| 050 |
0 |
0 |
|a DS382
|b .T354 2012b
|
| 082 |
0 |
0 |
|a 954.9105
|2 23
|
| 100 |
1 |
|
|a Talbot, Ian.
|9 5424
|
| 245 |
1 |
0 |
|a Pakistan :
|b a new history /
|c Ian Talbot.
|
| 260 |
|
|
|a London :
|b Hurst & Company,
|c 2012
|
| 300 |
|
|
|a x, 311 pages ;
|c 23 cm.
|
| 504 |
|
|
|a Includes bibliographical references (pages 282-291) and index.
|
| 505 |
0 |
|
|a Pakistan: land, people, society -- Understanding the failure of Pakistan's first experiment with democracy 1947/58 -- Ayub's Pakistan: the end of the beginning -- Bhutto's Pakistan: a missed opportunity -- Zia and the quest for Pakistan's stability -- Pakistan's democratic interlude 1988/99 -- The Janus state: Pakistan under Musharraf -- Surviving the storm: Zardari's Pakistan -- Epilogue: future long-term challenges, prospects and possibilities.
|
| 541 |
|
|
|e 28225
|
| 651 |
|
0 |
|a Pakistan
|x History.
|9 5425
|
| 852 |
|
|
|a Ayesha Abed LIbrary
|c General Stacks
|
| 942 |
|
|
|2 ddc
|c BK
|
| 952 |
|
|
|0 0
|1 0
|2 ddc
|4 0
|6 954_910500000000000_TAL
|7 0
|9 43390
|a BRACUL
|b BRACUL
|c GEN
|d 0000-00-00
|l 2
|m 18
|o 954.9105 TAL
|p 3010028225
|r 2017-02-16
|s 2016-05-29
|t 1
|w 2014-08-11
|y BK
|